Представление документа в формате RUSMARC

ПолеНазваниеЗначение
  Тип записи c
  Библиографический уровень c
001 Контрольный номер RU/SLIB/B/208701673
005 Дата корректировки 20241106163704.6
010 Индекс ISBN __
d Цена 44-20
101 Язык документа 0_
a Язык текста rus
c Язык оригинала rus
200 Заглавие и сведения об ответственности 1_
a Заглавие Любимые мелодии
e Сведения, относящиеся к заглавию для шестиструнной гитары
f Первые сведения об ответственности cост. О. Кроха
b Общее обозначение материала Ноты
210 Выходные данные 1_
a Место издания М.
c Издательство Музыка
d Дата издания 1998
215 Физическое описание __
a Объем 118 с.
606 Тематические рубрики __
a Основная рубрика Музыка и зрелищные искусства
606 Тематические рубрики __
a Основная рубрика Инструментальная музыка
610 Ключевые слова 0_
a Ключевые слова гитары; гитарные аккорды; шестиструнные гитары; мелодии; музыкальные произведения
686 Индексы других классификаций __
2 Код системы rubbks
a Классификационный индекс 85.956.4; ст85.956.4
702 Вторичная интеллектуальная ответственность _1
a Фамилия Кроха
b Имя О.
4 Код отношения Составитель
801 Источник записи _0
a Страна RU
b Организация Муниципальное бюджетное учреждение культуры "Централизованная библиотечная система" г. Сургут (Центральная городская библиотека им. А. С. Пушкина)
g Правила каталогизации ОБ/Смолякова
801 Источник записи _1
a Страна RU
b Организация Муниципальное бюджетное учреждение культуры "Централизованная библиотечная система" г. Сургут (Центральная городская библиотека им. А. С. Пушкина)
g Правила каталогизации ОБ/Смолякова
852 Данные о местонахождении __
j Шифр хранения 85.956.4
c Каталожный индекс 85.956.4
i Авторский знак Л 93
p Инвентарный номер 71171
901 Тип документа __
t Тип документа x
903 Характеристики (МАРС) __
a Дата передачи 19990323
969 Тип издания __
a Тип издания сборник
990 Данные о заказе (DOS) 00
j Количество экземпляров (DOS) 2
t N записи в КСУ для И/У (DOS) 199901